Animes That Became Memes - Statistics

General Stats
  • This quiz has been taken 96 times
  • The average score is 4 of 12
Answer Stats
Meme Answer % Correct
Sasukeeeeeeeee...Narutoooooooooooo Naruto
96%
Pull out the notebook, write a name of someone in the real world who died from unknown causes Death Note
80%
It's over 9000!!!!! Dragon Ball Z
64%
It should've been me not him! It's not fair!!! Yugioh
40%
Any time a character spins against another character that spins Beyblade
29%
People die when they are killed / The Archer Class is made up of Archers Fate
22%
Who's this sassy lost child? One Punch Man
22%
Sussus Amoonguss Pokemon
12%
Objection!!! Phoenix Wright Ace Attorney
7%
My numbers are bigger than yours / There's no longer any need to wonder where your God is, because He's right here, and He's fresh outta mercy Sword Art Online
7%
Oh, you're approaching me? Jojos Bizare Adventure
6%
Now show him your junk ... warrior / Card games on motorcycles Yugioh 5Ds
2%
No matching quizzes found
Score Distribution
Percent of People with Each Score
Percentile by Number Answered
Your Score History
You have not taken this quiz